Catálogo
 En Linea

Kemal Ataturk : (Registro nro. 7069)

Detalles MARC
000 -CABECERA
campo de control de longitud fija 00824cam a2200217 a 4500
001 - NÚMERO DE CONTROL
campo de control 000007288
005 - FECHA Y HORA DE LA ÚLTIMA TRANSACCIÓN
campo de control 20200929154124.0
008 - DATOS DE LONGITUD FIJA--INFORMACIÓN GENERAL
campo de control de longitud fija 911018s1939 ag 000 0 spa
040 ## - FUENTE DE LA CATALOGACIÓN
Centro catalogador/agencia de origen DO-SdBNP
Centro/agencia transcriptor NRU
Centro/agencia modificador NRU
-- DLC
082 ## - NÚMERO DE LA CLASIFICACIÓN DECIMAL DEWEY
Número de clasificación 923.1
Número de documento/Ítem B641k
100 1# - ENTRADA PRINCIPAL--NOMBRE DE PERSONA
Nombre de persona Blanco Víllalta, Jorge G.
Forma completa/desarrollada del nombre (Jorge Gaston),
Fechas asociadas al nombre 1909-
9 (RLIN) 20232
245 10 - MENCIÓN DE TÍTULO
Título Kemal Ataturk :
Resto del título el dictador democratico, constructor de la nueva Turquía /
Mención de responsabilidad, etc. J. G. Blanco Víllalta.
260 ## - PUBLICACIÓN, DISTRIBUCIÓN, ETC.
Lugar de publicación, distribución, etc. Buenos Aires :
Nombre del editor, distribuidor, etc. Claridad,
Fecha de publicación, distribución, etc. 1939.
300 ## - DESCRIPCIÓN FÍSICA
Extensión 516 p. ;
Dimensiones 20 cm.
490 1# - MENCIÓN DE SERIE
Mención de serie Biblioteca de Obras Famosas,
Designación de volumen o secuencia v. 32
600 10 - PUNTO DE ACCESO ADICIONAL DE MATERIA--NOMBRE DE PERSONA
Nombre de persona Ataturk, Kemal,
Fechas asociadas al nombre 1881-1938.
9 (RLIN) 20233
650 #4 - PUNTO DE ACCESO ADICIONAL DE MATERIA--TÉRMINO DE MATERIA
Término de materia o nombre geográfico como elemento de entrada Turquía
Subdivisión general Política y gobierno
Subdivisión cronológica 1923-1938
9 (RLIN) 20234
651 #4 - PUNTO DE ACCESO ADICIONAL DE MATERIA--NOMBRE GEOGRÁFICO
Nombre geográfico Turquía
Subdivisión general Historia
Subdivisión cronológica SIGLO XX
9 (RLIN) 20235
830 #0 - PUNTO DE ACCESO ADICIONAL DE SERIE-TÍTULO UNIFORME
Título uniforme Biblioteca de Obras Famosas,
Designación de volumen o secuencia v. 32
9 (RLIN) 20236
910 ## - DATOS DE OPCIÓN DEL USUARIO (OCLC)
Datos de opción del usuario Catalogación por copia / LC
Existencias
Estado de retiro Estado de pérdida Restricciones de uso No para préstamo Código de colección Localización permanente Ubicación/localización actual Ubicación en estantería Fecha de adquisición Número de inventario Total de préstamos Signatura topográfica completa Código de barras Fecha visto por última vez Precio válido a partir de Tipo de ítem Koha
    Préstamo interno   Monografías: Libros y Folletos General General En catalogación 07.09.2009 LF1   923.1 B641k 7288-10 25.06.2020 25.06.2020 Préstamo interno

Con tecnología Koha